| 000 | 01235nam a2200205Ia 4500 | ||
|---|---|---|---|
| 008 | 220216s9999 xx 000 0 und d | ||
| 100 | _aPushparajah E | ||
| 245 | 0 | _aEvaluation on sustainability of land use for rubber in rural development | |
| 260 |
_bPlanter _c1997 |
||
| 300 | _a557-567 | ||
| 520 | _aRubber is an established crop for large scale perennial tree cultivation. The wealth of information gathered from agronomic research has provided threshold indicators for crop production. In addition, since natural rubber is a major commodity on the world market, economic and market indicators are also available to determine the degree of sustainability of rubber production. Rubber is dominantly a smallholders crop. Apart from biophysical indicators, socio-economic perspectives are important considerations that can provide useful indicators. These indicators may eventually enhance the acceptance of technologies by smallholders and subsequently, rubber in the smallholding sector can be cultivated on a sustainable basis. | ||
| 650 | _aIndicators | ||
| 650 | _aRubber | ||
| 650 | _aSustainability | ||
| 650 | _aSustainable land use | ||
| 700 | _aUnni K | ||
| 700 | _aYew F K | ||
| 700 | _aZainol E | ||
| 942 | _cJS | ||
| 999 |
_c59038 _d59038 |
||